000
00360nam a22001217a 4500
003
SGT
082
_a
891.4309
_b
B15R
100
_a
राय, विनोद कुमार
245
_a
ब्रह्मर्षि वंश विस्तार
260
_b
सत्य राज सेवा समिति
_c
2015
300
_a
346
942
_2
ddc
_c
BK
999
_c
30108
_d
30108